|
|
|
|
| LEADER |
00000cam a2200000 7i4500 |
| 001 |
0000051709 |
| 005 |
20150906.0 |
| 008 |
150906 |
| 020 |
|
|
|a 9832852811(set)
|
| 020 |
|
|
|a 9832852927
|
| 090 |
0 |
0 |
|a MOR
|b MAL
|
| 100 |
0 |
|
|a Syed mahadzir
|
| 245 |
1 |
0 |
|a Bukan Kerana Pujian
|c syed mahadzir
|
| 260 |
|
|
|a Selangor :
|b Cooray's House Of Publication Sdn Bhd ,
|c (s.n)
|
| 490 |
0 |
|
|a Siri Hentikan Buli
|
| 999 |
|
|
|a 0001042838
|b Book
|c Children Collection
|e Cawangan Taman Universiti
|
| 999 |
|
|
|a 0001049933
|b Book
|c Children Collection
|e Cawangan Taman Universiti
|
| 999 |
|
|
|a 0001049934
|b Book
|c Children Collection
|e Cawangan Kota Tinggi
|
| 999 |
|
|
|a 0001052027
|b Book
|c Children Collection
|e Cawangan Taman Universiti
|
| 999 |
|
|
|a 0001052028
|b Book
|c Children Collection
|e Cawangan Mersing
|
| 999 |
|
|
|a 0001052029
|b Book
|c Children Collection
|e Cawangan Taman Sri Lambak
|
| 999 |
|
|
|a 0001071049
|b Book
|c Children Collection
|e Cawangan Bandar Penawar
|
| 999 |
|
|
|a 0001071122
|b Book
|c Children Collection
|e Cawangan Pontian
|
| 999 |
|
|
|a 0001075511
|b Book
|c Children Collection
|e Cawangan Tangkak
|
| 999 |
|
|
|a 0001075565
|b Book
|c Children Collection
|e Cawangan Bandar Penawar
|
| 999 |
|
|
|a 0001075597
|b Book
|c Teenagers
|e Cawangan Bandar Tenggara
|
| 999 |
|
|
|a 0001075753
|b Book
|c Children Collection
|e Cawangan Pontian
|
| 999 |
|
|
|a 0001130561
|b Book
|c Children Collection
|e Cawangan Bukit Gambir
|
| 999 |
|
|
|a 0001130722
|b Book
|c Children Collection
|e Cawangan Bandar Penawar
|
| 999 |
|
|
|a 0001133958
|b Book
|c Children Collection
|e Cawangan Bukit Gambir
|
| 999 |
|
|
|a 0001138914
|b Book
|c Children Collection
|e Cawangan Pontian
|